| 000 | 00564nam a2200181 a 4500 | ||
|---|---|---|---|
| 005 | 20140310183247.0 | ||
| 008 | 041022s19uu xx 00 eng d | ||
| 020 | _a0761941959 | ||
| 050 |
_aH 62 _b.C933 2004 |
||
| 100 | _aCzarniawska, Barbara | ||
| 245 |
_aNarratives in social science research: _bIntroducing qualitative methods. / |
||
| 260 |
_aLondon : _bSAGE Publications, _c2004. |
||
| 300 |
_a157 p. : _c23 cm. |
||
| 650 |
_aSocial Sciences _xResearch _xMethodology. |
||
| 650 |
_aSocial Sciences _xMethodology. |
||
| 942 |
_cBK _2lcc _kFOR |
||
| 999 |
_c20704 _d20704 |
||